000 00838nam a2200253 i 4500
001 135842
003 ES-MaACL
005 20250707035512.0
007 t|
008 070214s1985 sp a |||| | spa d
020 _a84-205-1138-2
080 _a342.722/.724
100 1 _aRousseau, Jean-Jacques.
_9100055
245 1 0 _aDiscurso sobre el origen y los fundamentos de la desigualdad entre los hombres /
_cJean-Jacques Rousseau ; edición y material didáctico de Jordi Beltrán.
250 _a1ª ed.
260 _aMadrid :
_bAlhambra,
_c1985.
300 _aVIII, 212 p. :
_bil. ;
_c20 cm.
490 1 _aClásicos del pensamiento ;
_v2
650 0 4 _aIgualdad.
_913579
700 1 _aBeltrán del Rey, Jordi.
_9159397
830 0 0 _aClásicos del pensamiento
_v2
_9177261
852 _aES-MaACL
_jL-7855
999 _c135842
_d135842